Análisis del comportamiento hidrológico del humedal de Medio Queso
Guardado en:
| 主要作者: | |
|---|---|
| 格式: | 圖書 |
| 出版: |
[San José], Costa Rica
2014
|
| 主題: | |
| 標簽: |
添加標簽
沒有標簽, 成為第一個標記此記錄!
|
MARC
| LEADER | 00000nam a22000007a 4500 | ||
|---|---|---|---|
| 003 | 012014 | ||
| 005 | 20221231143856.0 | ||
| 008 | 150220b2014 cr a|||| |||| 00| 0 s d | ||
| 040 | |c cru CEDI | ||
| 090 | |a TFG 7184 | ||
| 100 | |9 228 |a Brenes Jiménez, Aníbal | ||
| 245 | |a Análisis del comportamiento hidrológico del humedal de Medio Queso | ||
| 260 | |a [San José], Costa Rica |c 2014 | ||
| 500 | |a Proyecto de graduación (licenciatura en ingeniería civil)--Universidad de Costa Rica. Facultad de Ingeniería. Escuela de Ingeniería Civil | ||
| 650 | |x HUMEDAL DE MEDIO QUESO (ALAJUELA, COSTA RICA) |x BALANCE HIDRICO (HIDROLOGIA) |x CONTROL DE INUNDACIONES |x CONSTRUCCION DE CARRETERAS |x PRECIPITACION ATMOSFERICA |x CLIMATOLOGIA |x ECOLOGIA |x HIDROGRAFIA |x GEOLOGIA |9 229 | ||
| 942 | |c TFG | ||
| 999 | |c 13599 |d 13599 | ||
